LDR 01034naa#a2200169#i#450# 001 RU\\bibl\118789 005 20260517011329.7 011 ## _a1994-4683 100 ## _a20230428b2023####ek#y0rusy0150####ca 102 ## _aRU 200 1# _aВЫРАЖЕННОСТЬ ДЕСТРУКТИВНОГО ПОВЕДЕНИЯ У ПОДРОСТКОВ РАЗНЫХ ВОЗРАСТНЫХ ГРУПП _eЖурнальная статья 210 1# _aМосква _cНациональный государственный Университет физической культуры, спорта и здоровья им. П.Ф. Лесгафта _d2023 215 ## _a4 с. 608 ## _aЖурнальная статья _2local 675 ## _aОсобенности психики. Сознание. Психическое развитие человека. Дифференциальная психология. Генетическая психология. Психология развития. 159.922 _z 700 #1 _aКузнецова _gМ Н 856 4# _auchzapiski.lesgaft.spb.ru _u